|
|
|
|
| LEADER |
01571nam a2200397Ia 4500 |
| 001 |
EBC863870 |
| 003 |
MiAaPQ |
| 005 |
20200520144314.0 |
| 006 |
m o d | |
| 007 |
cr cn||||||||| |
| 008 |
110801s2011 cc a sb 001 0 eng d |
| 010 |
|
|
|z 2011467156
|
| 020 |
|
|
|z 9789888028702
|
| 020 |
|
|
|z 9789888053537
|
| 020 |
|
|
|z 9888028707
|
| 035 |
|
|
|a (MiAaPQ)EBC863870
|
| 035 |
|
|
|a (Au-PeEL)EBL863870
|
| 035 |
|
|
|a (CaPaEBR)ebr10515994
|
| 035 |
|
|
|a (OCoLC)770333035
|
| 040 |
|
|
|a MiAaPQ
|c MiAaPQ
|d MiAaPQ
|
| 050 |
|
4 |
|a HG8712
|b .F4613 2011
|
| 100 |
1 |
|
|a Feng, Bangyan.
|
| 240 |
1 |
0 |
|a Hou sheng li qun.
|l English
|
| 245 |
1 |
0 |
|a Enriching lives
|h [electronic resource] :
|b a history of insurance in Hong Kong, 1841-2010 /
|c Feng Bangyan and Nyaw Mee Kau ; translated by Violet Law.
|
| 246 |
3 |
|
|a History of insurance in Hong Kong, 1841-2010
|
| 260 |
|
|
|a Hong Kong :
|b Hong Kong University Press,
|c c2011.
|
| 300 |
|
|
|a xii, 239 p. :
|b ill.
|
| 500 |
|
|
|a Revised translation of: Hou sheng li qun : Xianggang bao xian shi : 1841-2008.
|
| 504 |
|
|
|a Includes bibliographical notes ([225]-229) and index.
|
| 533 |
|
|
|a Electronic reproduction. Ann Arbor, MI : ProQuest, 2015. Available via World Wide Web. Access may be limited to ProQuest affiliated libraries.
|
| 650 |
|
0 |
|a Insurance
|z China
|z Hong Kong
|x History.
|
| 650 |
|
0 |
|a Finance
|z China
|z Hong Kong
|x History.
|
| 655 |
|
4 |
|a Electronic books.
|
| 700 |
1 |
|
|a Rao, Meijiao.
|
| 710 |
2 |
|
|a ProQuest (Firm)
|
| 856 |
4 |
0 |
|u https://ebookcentral.proquest.com/lib/matrademy/detail.action?docID=863870
|z Click to View
|